00461nam a22001457a 4500082003200000110002500032245004900057260001900106300001100125526003700136650001300173942001200186999001900198952009800217 a343.0929bGOVcL-Tech, P-59 aGovt of India937860 aIndian electricity rules 1922cGovt of India aCalcutta india a58 P.: a0b0c0d343_092900000000000_GOV aMCE9379 2ddccBK c542616d542616 00102ddc4070aMCEbMCEd2014-02-06l0o343.0929 GOVpMCE-40266r2014-02-06w2014-02-06yBK